[Event "V Sunway Sitges Open 2018"]
[Site "Sitges"]
[Date "2018.12.21"]
[Round "8"]
[White "Sosa, Tomas"]
[Black "Lagarde, Maxime"]
[Result "1-0"]
[WhiteElo "2488"]
[BlackElo "2616"]
[Annotator "TA"]
[PlyCount "175"]
[EventDate "2018.12.14"]
[EventType "swiss"]
[EventCountry "ESP"]
[SourceTitle "playchess.com"]
[Source "ChessBase"]
[SourceQuality "1"]

{[%evp 19,175,0,0,-5,16,8,41,16,11,23,37,28,37,-73,-82,-76,-85,-65,-64,-63,-84,-172,-122,-125,-54,-93,-101,-8,-40,-271,-156,-143,-100,-90,-105,-94,-87,-83,-9,-17,-30,-144,-138,-135,-152,-147,-142,-154,17,-14,10,-47,-45,-43,-45,-36,-8,-14,-11,-18,-22,-20,-9,-20,0,-8,-2,-10,-10,-151,-30,-31,-28,-72,-2,-6,4,0,39,29,32,0,35,0,27,0,36,0,3,4,4,5,4,5,6,0,0,0,17,13,17,17,20,17,17,17,17,20,20,20,22,24,32,8,13,29,16,19,32,32,70,70,66,68,99,22,33,8,8,0,0,0,0,0,8,8,8,8,69,69,69,69,69,69,69,68,68,68,68,68,68,68,68,68,68,68,29987,29988]} 1. e4 c5 2. Nf3 Nc6 3. d4 cxd4 4. Nxd4 Nf6 5. Nc3 d6 6. Bg5 e6 7. Qd2 a6 8. O-O-O Bd7 9. f4 Be7 10. Kb1 b5 {LiveBook: 16 Games. B68: Sicilian: Richter-Rauzer: 7...a6 8 0-0-0 Bd7 9 f4 Be7} 11. a3 (11. Bxf6 Bxf6 12. Nxc6 Bxc6 13. Qxd6 Qxd6 14. Rxd6 Rc8 15. a4 Bxc3 16. bxc3 Bxe4 17. Rxa6 Rxc3 18. Bxb5+ {½-½ (26) Yu,Y (2705)-Salem,A (2586) Doha 2014}) 11... Rb8 12. Nb3 h6 $146 {The position is equal.} ({Predecessor:} 12... b4 13. axb4 Nxb4 14. e5 dxe5 15. fxe5 Nfd5 16. Bxe7 Qxe7 17. Nxd5 exd5 18. Bd3 {0-1 (37) Antal,T (2345)-Oparin,G (2494) Kirishi 2012}) 13. Bh4 b4 14. axb4 Nxb4 15. Be2 a5 16. e5 (16. Bxf6 $1 $14 {keeps the upper hand.} gxf6 17. Nd4) 16... dxe5 $17 17. fxe5 Nfd5 $1 18. Bxe7 Qxe7 19. Nxd5 Nxd5 20. Nxa5 (20. Qxa5 $17 O-O 21. Bf3) 20... O-O 21. c4 Qa3 (21... Nb6 $17 22. Ka1 Rfd8) 22. cxd5 $15 exd5 23. Rhf1 Rb6 {( -> ...Rfb8)} 24. Ba6 $2 (24. b3 $1 $15) 24... Rfb8 ({Weaker is} 24... Ra8 25. Rf3 $11) (24... Be6 $1 $19 25. Rf3 Qa4) 25. Bb7 $17 Be6 26. Rf3 Qa4 27. b3 d4 28. Qa2 Qxa2+ (28... Qd7 $17 29. Be4 Ra6) 29. Kxa2 $11 Rb5 30. Nc6 (30. Nc4 $11 R8xb7 31. Rxd4) 30... R8xb7 $17 31. Nxd4 Ra5+ $1 32. Kb2 Bg4 $1 {[%mdl 1024] Black has strong compensation.} 33. Nc6 Rc5 $2 (33... Ra8 $17 34. Rd6 Bxf3 35. gxf3 Kf8) 34. Rd8+ $11 Kh7 35. Rg3 (35. Rc3 $11 Rxc3 36. Kxc3) 35... Bd7 $15 36. Nd4 Rxe5 37. Rd3 g5 38. Nf3 Re7 39. g3 Bf5 40. Rc3 Re2+ 41. Rd2 Rbe7 42. Kc1 Kg6 43. Rc6+ f6 44. Rdd6 {[#]} (44. Rcd6 $11 {remains equal.}) 44... Rf7 (44... Be4 $1 $17 {[%cal Re4c6]} 45. Ra6 Kg7) 45. Kd1 $11 Re3 46. Nd2 h5 (46... Kg7 $17 47. Rc5 Bg4+ 48. Kc2 Re2) 47. Nc4 $132 {[%mdl 2048] White puts up resistance} Ree7 48. Kd2 h4 49. gxh4 gxh4 50. Rd4 Rh7 51. Rdd6 Rhf7 52. Rd4 Rh7 53. Rdd6 Ra7 54. Rxf6+ Kg5 55. Ra6 Rhd7+ 56. Ke2 Bg4+ 57. Ke3 {Black must now prevent Rg6+.} (57. Kf2 {seems wilder.} Rxa6 58. Rxa6 Rf7+ 59. Kg1 Rf3 60. Ra5+) 57... Re7+ 58. Kd3 Rad7+ 59. Rfd6 Kf4 60. Rxd7 Rxd7+ {[%mdl 4096] Endgame KRB-KRN} 61. Kc3 {Strongly threatening b4.} Bf5 62. Ra2 Rd3+ 63. Kb4 Be6 64. Rf2+ Rf3 65. Re2 Bf5 66. Nd2 Re3 67. Rf2+ Kg4 68. Nc4 Re1 69. Kc5 Bd3 70. Kd4 Bh7 71. b4 Rb1 72. Ne5+ (72. Nb2 $16) 72... Kh3 $1 73. Nc6 Rd1+ 74. Kc5 {And now b5 would win.} Be4 75. b5 {aiming for Nd4.} Rc1+ 76. Kd6 {Hoping for Nd4.} Rb1 77. Nd4 {Kc5 is the strong threat.} Bg2 78. Rf4 Kxh2 ({Black should try} 78... Bf1 $1 $11) 79. Rxh4+ $14 Kg3 80. Nf5+ Kf2 81. Rf4+ Kg1 82. Kc5 {Threatens to win with Nd4.} Rf1 83. Rxf1+ Bxf1 84. b6 {Intending b7 and mate.} Bg2 85. Kd6 Ba8 86. Kc7 Kf2 87. Nd6 {White wants to mate with Nb7.} Kg1 $2 {[%mdl 8192] [#]} (87... Bh1 $14) 88. Nb7 $1 {Precision: White = 53%, Black = 52%.} ({And not} 88. b7 Bxb7 89. Kxb7 $11) 1-0

[Event "V Sunway Sitges Open 2018"]
[Site "Sitges"]
[Date "2018.12.21"]
[Round "8"]
[White "Dragnev, Valentin"]
[Black "Romanov, Evgeny"]
[Result "1/2-1/2"]
[WhiteElo "2483"]
[BlackElo "2614"]
[Annotator "TA"]
[PlyCount "78"]
[EventDate "2018.12.14"]
[EventType "swiss"]
[EventCountry "ESP"]
[SourceTitle "playchess.com"]
[Source "ChessBase"]
[SourceQuality "1"]

{[%evp 11,78,59,54,56,57,50,63,56,56,47,62,30,80,32,45,53,64,64,55,50,54,41,47,41,41,40,41,50,49,23,37,37,44,36,40,35,39,37,66,46,45,35,66,11,11,8,19,12,16,20,25,15,31,0,0,0,0,0,0,0,0,0,0,0,0,0,0,0,0]} 1. d4 {[%cal Bd2d4,Bd4d5][%mdl 32]} Nf6 2. c4 b6 3. f3 Nc6 4. Nc3 e5 5. d5 Ne7 6. e3 {A50: Queen's Fianchetto Defence (1 d4 Nf6 2 c4 b6)} Ng6 {LiveBook: 3 Games} 7. Bd3 Bb4 $146 ({Predecessor:} 7... Bc5 8. a3 a5 9. Nge2 O-O 10. Ng3 c6 11. Na4 cxd5 12. cxd5 {1-0 (36) Donchenko,A (2569)-Korobov,A (2674) Gjakova 2016}) 8. Nge2 {White is slightly better.} e4 9. fxe4 Ng4 10. O-O $1 O-O 11. Nb5 Re8 12. h3 N4e5 13. b3 c6 14. Nbd4 Nxd3 15. Qxd3 Bd6 16. Bb2 Be5 17. Rab1 (17. Bc3 {keeps more tension.} c5 18. Nf5 d6 19. Qd2 a6 20. a4) 17... c5 $1 18. Nf3 Bxb2 19. Rxb2 d6 20. Nc3 Ne5 21. Nxe5 Rxe5 22. a3 {[%cal Ba2a3,Ba3a4][%mdl 32]} Bd7 23. b4 Rc8 24. b5 Qe7 25. Rbf2 f6 26. a4 Be8 27. Rf5 ({White should try} 27. a5 $14) 27... Bg6 $11 28. Rxe5 Qxe5 29. a5 Re8 30. axb6 axb6 31. Ra1 Qg3 32. Ra6 Qe1+ {The position is equal.} 33. Kh2 h5 34. Rxb6 h4 35. Ra6 Qg3+ 36. Kg1 {aiming for Ra1.} Qe1+ 37. Kh2 Qg3+ 38. Kg1 {Black must now prevent Ra1.} Qe1+ 39. Kh2 Qg3+ {Accuracy: White = 61%, Black = 74%.} 1/2-1/2

[Event "V Sunway Sitges Open 2018"]
[Site "Sitges"]
[Date "2018.12.21"]
[Round "8"]
[White "Gukesh, D."]
[Black "Santos Latasa, Jaime"]
[Result "1/2-1/2"]
[WhiteElo "2466"]
[BlackElo "2584"]
[Annotator "TA"]
[PlyCount "47"]
[EventDate "2018.12.14"]
[EventType "swiss"]
[EventCountry "ESP"]
[SourceTitle "playchess.com"]
[Source "ChessBase"]
[SourceQuality "1"]

{[%evp 12,47,33,14,16,16,10,-2,10,3,8,0,0,0,5,8,3,0,15,0,0,0,0,0,0,0,3,0,0,0,0,0,0,0,0,0,0,0]} 1. Nf3 Nf6 2. g3 g6 3. b3 Bg7 4. Bb2 O-O 5. Bg2 d6 6. d4 a5 7. Nc3 {LiveBook: 5 Games. A49: 1 d4 Nf6 2 Nf3 g6 3 g3: Anti-King's Indian systems} (7. O-O a4 8. b4 b5 9. Na3 c6 10. c4 bxc4 11. Nxc4 Nd5 12. a3 Nb6 13. Na5 Ba6 14. Rc1 Bb5 15. Re1 {1-0 (46) Pantsulaia,L (2612)-Vachier Lagrave,M (2789) Riadh 2017}) 7... d5 {The position is equal.} 8. O-O c6 9. Na4 $146 ({Predecessor:} 9. Ne5 Ng4 10. Nxg4 Bxg4 11. h3 Bf5 12. e4 dxe4 13. g4 Be6 14. Nxe4 Bd5 {½-½ (39) Lomako,P (2405)-Zubarev,A (2490) Vladimir 2006}) 9... Ne4 10. c4 b5 11. cxb5 cxb5 12. Nc3 Nxc3 13. Bxc3 b4 14. Bb2 Nd7 15. Ne5 e6 16. Qd2 Bb7 17. Rfc1 Nxe5 18. dxe5 Qd7 19. Bd4 Rfc8 20. f4 Bf8 21. Rxc8 Rxc8 22. Rc1 Rc6 23. e3 Ba6 24. Bf1 {Precision: White = 73%, Black = 82%.} 1/2-1/2

[Event "V Sunway Sitges Open 2018"]
[Site "Sitges"]
[Date "2018.12.21"]
[Round "8"]
[White "Pogonina, Natalija"]
[Black "Lopez Martinez, Josep Manuel"]
[Result "0-1"]
[WhiteElo "2465"]
[BlackElo "2580"]
[Annotator "TA"]
[PlyCount "206"]
[EventDate "2018.12.14"]
[EventType "swiss"]
[EventCountry "ESP"]
[SourceTitle "playchess.com"]
[Source "ChessBase"]
[SourceQuality "1"]

{[%evp 11,206,-18,32,32,22,22,25,28,31,18,39,31,34,40,42,39,23,33,25,31,29,33,44,38,66,65,70,0,0,0,0,-29,0,0,0,0,0,-17,0,0,0,0,0,0,0,0,3,3,130,157,154,155,131,0,58,58,214,214,196,0,0,0,0,0,0,0,0,-18,-19,-29,-26,-16,-11,-17,41,0,0,0,0,0,0,0,0,0,0,0,74,74,74,74,73,8,8,8,26,0,0,0,0,0,29978,-50,-50,-47,0,0,0,-8,-8,-75,-75,-156,-75,-401,-401,-401,-401,-401,-401,-394,-394,-394,-394,-394,-379,-379,-379,-379,-358,-379,-379,-372,-372,-365,-351,-358,-321,-305,-299,-2999,0,-2984,-2984,-2952,-2924,-2915,-2915,-2912,-2908,-2893,-2893,-2410,-2363,-2672,-2673,-2673,-2679,-2679,-2679,-2864,-2834,-2799,-2693,-2730,-2730,-2730,-2724,-2708,-2712,-2539,-2412,-2397,-2133,-1958,-1892,-1796,-1713,-1444,-1207,-658,-519,-1701,-1694,-839,-672,-3533,-449,-3484,-3346,-5936,-5888,-5825,-4129,-1647,-620,-29979,-29980]} 1. d4 Nf6 2. c4 e6 3. Nf3 d5 4. g3 Bb4+ 5. Nbd2 dxc4 6. Bg2 c6 {LiveBook: 9 Games. E04: Open Catalan: 5 Nf3} (6... b5 {looks sharper.} 7. O-O O-O 8. a4 c6 9. b3 c3) (6... b5 7. a4 c6 8. O-O O-O 9. Ne1 Nd5 10. e4 Nb6 11. a5 N6d7 12. e5 Bb7 13. Ne4 Na6 14. Bg5 {½-½ (44) Wang,H (2709)-Ding,L (2777) Huaian 2017}) 7. a3 Bxd2+ 8. Bxd2 b5 {The position is equal.} 9. O-O O-O 10. a4 Bb7 11. b3 cxb3 12. Qxb3 a6 13. Rfc1 $146 ({Predecessor:} 13. Ne5 Qxd4 14. Bc3 {½-½ (75) Petrosyan,M (2574)-Hacker,J (2345) Tegernsee 2018}) 13... Nbd7 14. Bb4 Re8 15. Ne5 Nxe5 16. dxe5 Nd7 17. Bd6 {[%mdl 1024] White has compensation.} Nb6 18. a5 Nd5 {[%cal Bb6d5,Bd5f6,Bf6d7][%mdl 32]} 19. e4 (19. Qa3 $14) 19... Nf6 $1 $11 20. Rd1 Nd7 $1 21. Qc3 Rc8 (21... c5 $5) 22. Bc5 Ba8 23. f4 Qc7 24. Rd6 h6 25. Bh3 Rb8 26. Qd4 Nxc5 27. Qxc5 Re7 28. f5 {[%cal Rf5e6]} exf5 29. exf5 Rbe8 (29... Qa7 $1 $11 30. Qxa7 Rxa7) 30. e6 $16 Qa7 31. Qxa7 Rxa7 32. Rc1 (32. Bg4 $16) 32... fxe6 ({Black should try} 32... Kf8 $11) 33. fxe6 $14 Kf8 $2 (33... b4 $14) 34. Rf1+ $1 $18 Ke7 35. Rxc6 $2 (35. Rd2 $18 {[%csl Ge6][%cal Rf1f7]} Rf8 36. Rxf8 Kxf8 37. Rd8+ Ke7 38. Rg8) 35... Bxc6 $11 36. Rf7+ Kd6 37. Rxa7 {[%mdl 4096] Endgame KRB-KRB} Ra8 38. Rxg7 b4 39. Bf5 b3 40. e7 {Threatens to win with Rg6+.} Re8 41. Rg6+ Kc5 42. Re6 b2 (42... Bd5 $1 $11 43. Rxa6 Rxe7 44. Rxh6 Be4) 43. Re2 (43. Bb1 {is interesting.} Bb5 44. Kf2 Kb4 45. Ke3 Kxa5 46. Kd2) 43... Rb8 44. Bb1 Kd6 45. Kf2 Be8 46. g4 {[%cal Bg3g4,Bg4g5][%mdl 32]} Rb5 47. Kg3 Kd7 48. Kf4 Bf7 (48... Kd6 $11 {keeps the balance.}) 49. h4 $16 {aiming for g5.} Ke8 50. g5 $1 {[%cal Rg5g6]} Bh5 51. Re5 ({Better is} 51. Rh2 $16 hxg5+ 52. hxg5) 51... hxg5+ $11 52. hxg5 {And now Rxb5 would win.} Rb4+ 53. Kf5 (53. Ke3 $5 {[%cal Rg5g6]} Rb7 54. Kd2 Rxe7 55. Rxe7+ Kxe7 56. Kc3 $16) 53... Rc4 54. g6 {Hoping for Kg5.} Rc1 55. Bd3 Rg1 $2 {[%mdl 8192]} (55... b1=Q $11 56. Bxb1 Rxb1) 56. Kf4 $2 (56. Kf6 $1 {mates} Rf1+ 57. Rf5 Rc1 58. Rxh5 Rc6+ 59. Kg5 Kxe7 60. Rh7+ Ke6 61. Bf5+ Ke5 62. Re7+ Kd4 63. g7) 56... Rg4+ $15 57. Kf5 $1 Rg3 58. g7 $1 Rxg7 {White must now prevent ...Bg6+.} 59. Re1 Rg3 60. Bb1 {[#]} (60. Be4 $11 Rc3 61. Rb1 Kxe7 62. Rxb2) 60... Rc3 $1 $17 {[%cal Rc3c1]} 61. Ba2 {[#]} ({White should play} 61. Re6) 61... Rc1 (61... Rc5+ $142 $1 62. Kf6 Rc1) 62. Re6 $2 {[%mdl 8192]} (62. Re5 $17) 62... Ra1 $19 63. Kf6 Bf7 ({Worse is} 63... Rxa2 64. Rd6 b1=Q 65. Rd8#) 64. Rb6 Rf1+ 65. Ke5 Bxa2 66. Rxb2 {KRB-KR} Bc4 67. Rb7 Rd1 68. Kf6 {White threatens Rb8+ and mate.} Rd6+ 69. Ke5 Rh6 70. Kd4 Bb5 71. Kc5 Rc6+ 72. Kd5 Rc1 {Strongly threatening ...Bc6+.} 73. Kd6 Kf7 74. Ra7 Rc6+ 75. Kd7 $2 (75. Ke5) 75... Rc1+ $2 (75... Rg6+ $19 76. Kd8 Rd6+ 77. Kc8 Ke8) 76. Kd8 $2 {[%mdl 8192]} (76. Kd6 $11 Re1 77. Rb7) 76... Rd1+ 77. Kc8 Ke8 78. Rc7 Ra1 79. Kb7 Rxa5 80. Kb6 Ra1 81. Ra7 Ra2 82. Kc5 Rb2 83. Kd6 Kf7 84. Kc5 Rb1 85. Kd6 Rc1 86. Kd5 Bf1 87. Kd6 Ra1 88. Kc5 Rd1 89. Kb4 Ke8 90. Ka5 Rb1 91. Ka4 Rb8 92. Ka5 Be2 93. Ka4 Rc8 94. Kb4 Rc6 95. Ka5 Rc2 96. Kb6 (96. Kb4 $142) 96... Ra2 97. Kc5 a5 98. Kd6 {White wants to mate with Ra8+.} Bf3 99. Rc7 (99. Kc5 $142) 99... Rd2+ 100. Ke6 Bg4+ 101. Kf6 Rd6+ 102. Ke5 Ra6 103. Kd4 a4 {Accuracy: White = 46%, Black = 61%.} 0-1

[Event "V Sunway Sitges Open 2018"]
[Site "Sitges"]
[Date "2018.12.21"]
[Round "8"]
[White "Wang, Kevin"]
[Black "Peralta, Fernando"]
[Result "1/2-1/2"]
[WhiteElo "2449"]
[BlackElo "2584"]
[Annotator "TA"]
[PlyCount "68"]
[EventDate "2018.12.14"]
[EventType "swiss"]
[EventCountry "ESP"]
[SourceTitle "playchess.com"]
[Source "ChessBase"]
[SourceQuality "1"]

{[%evp 16,68,6,0,10,0,12,3,6,1,5,8,18,19,22,-5,0,0,0,0,0,0,0,0,0,0,0,-10,0,0,0,-20,0,-17,0,-23,6,2,9,5,14,15,21,0,14,0,0,0,14,0,0,0,9,-12,8]} 1. d4 d5 2. c4 e6 3. Nf3 Nf6 4. g3 Bb4+ 5. Bd2 Be7 6. Bg2 O-O 7. O-O Nbd7 8. Bf4 {E11: Bogo-Indian} (8. Nc3 c6 9. Bf4 dxc4 10. e4 Re8 11. a4 b6 12. d5 exd5 13. exd5 Bb7 14. a5 bxa5 15. d6 Bf8 16. Nd2 Nd5 17. Nxd5 cxd5 18. Nxc4 dxc4 19. Bxb7 {½-½ (42) Nakamura,H (2777)-Karjakin,S (2773) Saint Louis 2018}) 8... dxc4 9. Qc2 {LiveBook: 6 Games} Nb6 10. Nbd2 Nfd5 11. Nxc4 Nxf4 12. gxf4 Nxc4 13. Qxc4 c6 14. e3 {[#]} a5 $146 ({Predecessor:} 14... Qb6 15. Qc2 Bd7 {½-½ (27) Markus,R (2616)-Stojanovic,M (2557) Vrnjacka Banja 2010}) 15. a4 Bb4 16. Ne5 Qe7 17. Rac1 Rd8 18. Kh1 Bd7 19. Qb3 Be8 20. Nd3 Bd6 21. Rg1 g6 22. Bf3 Rac8 23. Rg5 Qc7 24. Rgg1 Bf8 25. Rc2 Bg7 26. Rgc1 {The position is equal.} Ra8 27. Kg1 Rab8 28. Nc5 Rdc8 29. Nd3 Qd8 30. Rc4 Bf8 31. Qc2 Bg7 32. Rc5 Bf8 33. Rc4 Bg7 34. Rc5 Bf8 {Accuracy: White = 41%, Black = 48%.} 1/2-1/2

[Event "V Sunway Sitges Open 2018"]
[Site "Sitges"]
[Date "2018.12.21"]
[Round "8"]
[White "Soumya, Swaminathan"]
[Black "Sarkar, Justin"]
[Result "1/2-1/2"]
[WhiteElo "2428"]
[BlackElo "2332"]
[Annotator "ChessBase"]
[PlyCount "83"]
[EventDate "2018.12.14"]
[EventType "swiss"]
[EventCountry "ESP"]
[SourceTitle "playchess.com"]
[Source "ChessBase"]
[SourceQuality "1"]
[TimeControl "40/5400+30:1800+30"]

1. e4 c5 {[%emt 0:00:08]} 2. Nf3 {[%emt 0:00:16]} Nc6 {[%emt 0:00:16]} 3. Nc3 {[%emt 0:00:18]} g6 {[%emt 0:00:41]} 4. d4 {[%emt 0:00:06]} cxd4 {[%emt 0:00:05]} 5. Nxd4 {[%emt 0:00:02]} Bg7 {[%emt 0:00:14]} 6. Be3 {[%emt 0:00:09]} Nf6 7. Bc4 {[%emt 0:00:41]} O-O {[%emt 0:02:01]} 8. Bb3 {[%emt 0:00:14]} d6 {[%emt 0:00:37]} 9. f3 {[%emt 0:02:45]} Na5 {[%emt 0:02:27]} 10. Qd2 {[%emt 0:01:43]} Nxb3 {[%emt 0:01:31]} 11. axb3 {[%emt 0:05:21]} Bd7 {[%emt 0:18:58]} 12. g4 Qb8 13. h4 {[%emt 0:21:50]} h5 {[%emt 0:02:42]} 14. gxh5 {[%emt 0:21:17]} Nxh5 {[%emt 0:00:20]} 15. Ra5 {[%emt 0:00:03]} e5 {[%emt 0:18:59]} 16. Ndb5 {[%emt 0:01:05]} a6 {[%emt 0:06:46]} 17. Nxd6 {[%emt 0:07:15]} b5 18. Bg5 {[%emt 0:14:54]} f6 {[%emt 0:07:41]} 19. Qd5+ {[%emt 0:01:04]} Kh7 {[%emt 0:00:25]} 20. Be3 Qc7 {[%emt 0:03:53]} 21. Ra1 {[%emt 0:05:38]} Bc6 {[%emt 0:07:05]} 22. Qe6 {[%emt 0:01:11]} Rad8 {[%emt 0:10:21]} 23. Rd1 {[%emt 0:02:32]} Rd7 {[%emt 0:04:40]} 24. Rg1 {[%emt 0:00:50]} Bh6 {[%emt 0:04:29]} 25. Bxh6 {[%emt 0:04:40]} Kxh6 {[%emt 0:00:04]} 26. Ne2 Rg7 {[%emt 0:01:12]} 27. c4 {[%emt 0:03:28]} Qb6 {[%emt 0:01:39]} 28. c5 Qxc5 {[%emt 0:00:20]} 29. Rc1 {[%emt 0:05:18]} Qe3 {[%emt 0:04:09]} 30. Rc3 {[%emt 0:01:14]} Nf4 {[%emt 0:00:23]} 31. Rxg6+ Rxg6 {[%emt 0:00:43]} 32. Nf5+ {[%emt 0:00:47]} Kh5 {[%emt 0:00:26]} 33. Nxe3 {[%emt 0:01:04]} Nxe6 {[%emt 0:00:09]} 34. Rxc6 {[%emt 0:00:02]} Nd4 {[%emt 0:02:16]} 35. Nxd4 {[%emt 0:00:29]} exd4 {[%emt 0:00:02]} 36. Nf5 {[%emt 0:00:08]} Rg2 {[%emt 0:01:02]} 37. Rc7 {[%emt 0:00:29]} Rxb2 {[%emt 0:01:10]} 38. Rh7+ {[%emt 0:00:18]} Kg6 {[%emt 0:00:01]} 39. Rg7+ {[%emt 0:00:09]} Kh5 {[%emt 0:00:01]} 40. Rh7+ {[%emt 0:00:00]} Kg6 {[%emt 0:00:00]} 41. Rg7+ {[%emt 0:00:51]} Kh5 {[%emt 0:00:04]} 42. Rh7+ {[%emt 0:00:30]} 1/2-1/2

[Event "V Sunway Sitges Open 2018"]
[Site "Sitges"]
[Date "2018.12.21"]
[Round "8"]
[White "Ahlander, Bjorn"]
[Black "Kulaots, Kaido"]
[Result "0-1"]
[WhiteElo "2417"]
[BlackElo "2555"]
[Annotator "TA"]
[PlyCount "72"]
[EventDate "2018.12.14"]
[EventType "swiss"]
[EventCountry "ESP"]
[SourceTitle "playchess.com"]
[Source "ChessBase"]
[SourceQuality "1"]

{[%evp 19,72,16,18,0,18,0,0,0,-15,0,-16,-28,-41,-44,-30,-41,-4,-68,-52,-54,-50,-61,-64,-55,-51,-49,-64,-84,-82,-120,-124,-118,-102,-98,-100,-170,-168,-189,-193,-192,-98,-206,-205,-205,-212,-212,-205,-198,-202,-250,-238,-324,-193,-768,-774]} 1. d4 e6 2. c4 Bb4+ 3. Bd2 a5 4. Nf3 Nf6 5. g3 d6 6. Bg2 Nbd7 7. O-O e5 8. Nc3 exd4 9. Nxd4 O-O 10. Rc1 {E11: Bogo-Indian} Re8 {LiveBook: 3 Games} 11. h3 $146 ({Predecessor:} 11. Nd5 Nxd5 12. cxd5 Bc5 13. Bc3 Bb6 14. Qc2 Ne5 15. Nf3 Nxf3+ 16. Bxf3 Qg5 17. Rfd1 Bg4 {½-½ (62) Nguyen,D (2505)-Labib,I (2429) Istanbul 2012}) 11... c6 12. a3 {The position is equal.} Bc5 13. e3 Ne5 14. Na4 Ba7 15. b4 axb4 16. axb4 Bd7 17. Nb2 d5 (17... Qc8 {seems wilder.} 18. Kh2 h5 19. Nf3 Nxf3+ 20. Qxf3 Ne4) 18. Qc2 ({White should play} 18. cxd5 $11 cxd5 19. Bc3) 18... dxc4 19. Nxc4 {Black must now prevent Nd6.} Bxd4 20. exd4 Nxc4 21. Qxc4 Be6 22. Qc5 Qd7 23. Kh2 Bd5 24. Rfe1 Bxg2 25. Kxg2 Ne4 $40 {[%mdl 128] Black goes for the king.} 26. Qc2 Qxd4 27. Be3 (27. Bf4 $17 {keeps fighting.}) 27... Qxb4 $19 28. Rb1 {[#]} Qa5 $1 29. Qc4 Nd6 (29... Qf5 $19 30. Qc2 {[#]} Nxg3 $1 {[%mdl 512]} 31. Qxf5 Nxf5 32. Rxb7 h6) 30. Qg4 (30. Qd3 $17 Nb5 31. Qd7) 30... Nf5 31. Bb6 Qd5+ ({Don't play} 31... Rxe1 32. Bxa5 Rxb1 33. Qxf5) 32. Kh2 Rxe1 33. Rxe1 h6 34. Qf4 {and the idea Re5 leaves White hopeful.} Nd6 35. Bc7 Nb5 (35... Nc4 $142 36. h4 b5) 36. Qg4 $2 (36. Bb6) 36... Nxc7 {Accuracy: White = 25%, Black = 67%.} 0-1

[Event "V Sunway Sitges Open 2018"]
[Site "Sitges"]
[Date "2018.12.21"]
[Round "8"]
[White "Raja, Rithvik R"]
[Black "Keymer, Vincent"]
[Result "1/2-1/2"]
[WhiteElo "2415"]
[BlackElo "2508"]
[Annotator "ChessBase"]
[PlyCount "49"]
[EventDate "2018.12.14"]
[EventType "swiss"]
[EventCountry "ESP"]
[SourceTitle "playchess.com"]
[Source "ChessBase"]
[SourceQuality "1"]
[TimeControl "40/5400+30:1800+30"]

1. d4 Nf6 2. c4 e6 3. Nc3 d5 4. cxd5 Nxd5 5. e4 Nxc3 6. bxc3 c5 7. Nf3 cxd4 8. cxd4 Bb4+ 9. Bd2 Bxd2+ 10. Qxd2 O-O 11. Bc4 Nd7 12. O-O b6 13. Rad1 Bb7 14. Rfe1 Rc8 15. Bb3 h6 16. h3 Re8 17. Qf4 Qc7 18. Qxc7 Rxc7 19. d5 exd5 20. exd5 Rcc8 21. Rxe8+ Rxe8 22. Ba4 Rd8 23. Bc6 Nc5 24. Nd4 Ba6 25. a4 1/2-1/2